Normale Ansicht MARC-Ansicht ISBD

Nemcy Severnoj Kulundy : (Titelsatznr. 37074)

[ MARC ]
MARC-Details
000 -Satzkennung
Kontrollfeld mit fester Länge 00816nam a22002531c 4500
001 - Kontrollnummer
Kontrollfeld a987677564
003 - Kontrollnummer Identifier
Kontrollfeld RU-10907106
005 - Datum und Zeit der letzten Transaktion
Kontrollfeld 20210607104804.0
008 - Feld mit fester Länge zur physischen Beschreibung - Allgemeine Angaben
Kontrollfeld mit fester Länge 161019s2012 gw |||| 000u rus d
020 ## - Internationale Standardbuchnummer
Internationale Standardbuchnummer 9785780302209
Verknüpfung 978-5-7803-0220-9
040 ## - Katalogisierungsquelle
Übertragungsstelle RU-10907106
Original-Katalogisierungsstelle RU-10907106
Katalogisierungssprache ger
041 ## - Sprachcode
Sprachcode des Textes/der Tonspur oder des separaten Titels rus
100 1# - Haupteintragung - Personenname
Personenname Ochotnikov, Andrian Ju.
245 00 - Titel
Titel Nemcy Severnoj Kulundy :
Zusatz zum Titel strategii i rezul'taty sociokul'turnoj adaptacii (1910-1960-e gody)
264 ## - Produktion, Veröffentlichung, Distribution, Herstellung und Urheberrechtsvermerk
Herstellungs-, Veröffentlichungs- Vertriebs-, Erzeugungsort Novosibirsk :
Produzent, Herausgeber, Distributor, Hersteller Uzd. Int. archeologii i etnografii SO RAN,
Datum der Herstellung, der Veröffentlichung, des Vertriebs oder des Urheberschutzvermerks 2012
300 ## - Physische Beschreibung
Umfang 213 S.
650 #0 - Nebeneintragung unter einem Schlagwort - Sachschlagwort
Sachschlagwort oder geografischer Name als Eintragungselement Kulundasteppe
650 #0 - Nebeneintragung unter einem Schlagwort - Sachschlagwort
Sachschlagwort oder geografischer Name als Eintragungselement Russlanddeutsche
650 #0 - Nebeneintragung unter einem Schlagwort - Sachschlagwort
Sachschlagwort oder geografischer Name als Eintragungselement Soziokultur
650 #0 - Nebeneintragung unter einem Schlagwort - Sachschlagwort
Sachschlagwort oder geografischer Name als Eintragungselement Geschichte 1910-1969
655 ## - Indexierungsterm - Genre/Form
Genre/Form oder fokussierter Term Publikation DHI Moskau
710 2# - Nebeneintragung - Körperschaftsname
Körperschafts- oder Gebietskörperschaftsname als Eintragungselement RAN / Sibirskoe otdelenie / Inst. archeologii i etnografii
942 ## - Zusätzliche Felder (Koha)
Koha-Medientyp Monographien
Klassifikation oder Aufstellungssystematik Andere/Generische Klassifikation
Exemplare
Ausgeschieden Verloren Klassifikation oder Aufstellungssystematik Beschädigt Nicht entleihbar Heimatbibliothek Aufenthaltsbibliothek Aufstellungsort Erwerbungsdatum Inventarnummer Signatur Barcode Letzte Aktivität Preis gültig von Koha-Medientyp
    Andere/Generische Klassifikation     MWN Osteuropa MWN Osteuropa Lesesaal 22/07/2013 001-095 TF0 1-95 Bib. Büro E00401506CBE021B 16/03/2021 22/03/2021 Monographien
    Andere/Generische Klassifikation     MWN Osteuropa MWN Osteuropa Magazin - 2 19/10/2016 16-03591 Ersatzß R 60 o Deut 29 E004015079085153 23/02/2021 22/03/2021 Monographien